000 00566nam a2200217Ia 4500
008 130318s9999 xx 000 0 und d
020 _a1881173887
082 _a599.83 MIT/L;4
100 _aMittermeier, Russell A
245 _aLemurs of Madagascar
250 _a2
260 _bConservational International
_aUSA
_c2006
300 _a520
440 _aConservation International Tropical Field Guide Series
650 _aANIMALS
650 _aBIRDS
650 _aLEMURS
650 _aWILDLIFE
700 _aHawkins, Frank
700 _aKonstant, William R
999 _c1139
_d1139